00395pab a2200133 454500008004000000100001800040245008700058260000900145300001200154362000800166650003400174700002400208773002900232180718b1998 xxu||||| |||| 00| 0 eng d aBillis, David aHuman services and the voluntary sector: towards a theory of comparative advantage c1998 ap.71-98 aJan aNongovernmental organizations aGlennerster, Howard aJournal of Social Policy